00373nam a2200157Ia 4500003000500000005001700005008004100022020001900063027000800082040000900090082002400099100001400123245001600137260003000153300003200183322820250626132514.0210816s9999 xx 000 0 und d a9781606943557" qRDA c3228 aJ 896,89629133 BECK aAirplanes 0aBecker, Ann aFloridabRourke Pubc2010 a24 pagesbColor ill.c26 cm